| 000 | 01105cam a2200325 i 4500 | ||
|---|---|---|---|
| 001 | 22368133 | ||
| 003 | OSt | ||
| 005 | 20260320195344.0 | ||
| 008 | 210902s2021 mx a 000 0 spa | ||
| 010 | _a 2021398665 | ||
| 035 | _a22368133 | ||
| 035 | _a(CVcHKB)hkb0000009921 | ||
| 040 |
_aDLC _beng _erda _cDLC |
||
| 042 | _apcc | ||
| 050 | 0 | 0 |
_aN6559.V38 _bA4 2021 |
| 082 | 0 | 4 |
_2Primera ed. _a743.44 _bV331c |
| 100 | 1 |
_aVasconcelos, Anais, _d1993- _eautora. |
|
| 245 | 1 | 3 |
_aUn cachondeo tirano / _cAnais Vasconcelos. |
| 250 | _aPrimera edición. | ||
| 264 | 1 |
_aCDMX [México] : _bMiau Ediciones, Gato Negro Ediciones, _c2021. |
|
| 300 |
_a72 paginas sin numerar ; _bprincipalmente ilustraciones ; _c23 cm |
||
| 336 |
_atexto _btxt _2contenido rda |
||
| 336 |
_aimagen fija _bsti _2contenido rda |
||
| 337 |
_asin mediación _bn _2medio rda |
||
| 338 |
_avolumen _bnc _2soporte rda |
||
| 600 | 1 | 0 |
_aVasconcelos, Anais, _d1993- |
| 906 |
_a7 _bcbc _corigres _d3 _encip _f20 _gy-gencatlg |
||
| 942 |
_2ddc _c1 _n0 |
||
| 999 |
_c4605 _d4605 |
||